000
00201 a2200097 4500
020
_a
9780064441346
041
_a
eng
100
_a
Nancy Smiler Levinson
245
_a
Clara and the Bookwagon
942
_c
K
999
_c
27769
_d
27769